| 000 | 01059nas a2200289 i 4500 | ||
|---|---|---|---|
| 001 | 1844 | ||
| 003 | ES-MaACL | ||
| 005 | 20250721062539.0 | ||
| 007 | t| | ||
| 008 | 950801c1971 sp | | 1 ||pa d | ||
| 022 | _a0210-1025 | ||
| 080 | _a33 | ||
| 245 | 0 | 0 |
_aRevista española de economía / _cdir. Javier Irastorza Revuelta. |
| 260 |
_aMadrid : _bInstituto Iberoamericano de Desarrollo Económico, _c1971- ( _fImp. B.O.E) |
||
| 300 |
_av ; _c23 cm. |
||
| 310 | _aCuatrimestral | ||
| 362 | 0 | _aV. I (1971)- | |
| 650 | 1 | 7 |
_aEconomía _2embne _912006 |
| 655 | 7 |
_2tgfbne _9226866 _aRevistas |
|
| 700 | 1 |
_aIrastorza Revuelta, Javier. _965422 |
|
| 710 | 2 |
_aInstituto Iberoamericano de Desarrollo Económico. _95090 |
|
| 852 |
_aES-MaACL _jHEM-H-385 _dOlim: Hem-1576 _91881 _cHEM _zExpurgada marzo 2025: posterior 1958; sin encuadernar; 61 localizaciones en Rebiun |
||
| 856 |
_uhttps://dialnet.unirioja.es/servlet/revista?codigo=1554 _ySumarios de la revista en Dianet |
||
| 866 | 0 | _o1973-1981. | |
| 942 | _2udc | ||
| 999 |
_c1844 _d1844 |
||